000 00339nam a2200157Ia 4500
001 11919
003 IN-NITTTR
005 20251114233111.0
008 251113s9999||||xx |||||||||||||| ||eng||
040 _beng
040 _cIN-NITTTR
041 _aeng
082 _a621.38 S83E
245 0 _aElectronic communication. /
942 _2ddc
_cBK
999 _c14555
_d14555